[Event "POL-chT 62th"]
[Site "Ustron"]
[Date "2006.09.06"]
[Round "5"]
[White "Ulak, Slawomir"]
[Black "Gizynski, Tomasz"]
[Result "1/2-1/2"]
[WhiteElo "2293"]
[BlackElo "2345"]
[PlyCount "31"]
[EventDate "2006.09.02"]
[EventType "team-tourn"]
[EventRounds "9"]
[EventCountry "POL"]
[SourceTitle "EXT 2019"]
[Source "ChessBase"]
[SourceDate "2018.10.10"]
[SourceVersion "1"]
[SourceVersionDate "2018.10.10"]
[SourceQuality "1"]
[WhiteTeam "Raciborz Rzemioslo"]
[BlackTeam "Czestochowa Hetman"]
[WhiteTeamCountry "POL"]
[BlackTeamCountry "POL"]

1. c4 Nf6 2. Nf3 e6 3. d4 d5 4. Nc3 Be7 5. cxd5 exd5 6. Bg5 0-0 7. e3 c6 8. Bd3 Nbd7 9. 0-0 Re8 10. Qc2 Nf8 11. h3 g6 12. Ne5 Ne6 13. Bh6 Ng7 14. g4 Nd7 15. f4 Nxe5 16. dxe5 1/2-1/2

[Event "MOR-chT 0203"]
[Site "Moravia"]
[Date "2002.11.24"]
[Round "3"]
[White "Smistik, Milan"]
[Black "Ulak, Slawomir"]
[Result "1/2-1/2"]
[WhiteElo "2247"]
[BlackElo "2296"]
[PlyCount "86"]
[EventDate "2002.10.??"]
[EventType "team"]
[EventRounds "11"]
[EventCountry "CZE"]
[SourceTitle "EXT 2005"]
[Source "ChessBase"]
[SourceDate "2004.11.15"]
[SourceVersion "1"]
[SourceVersionDate "2004.11.15"]
[SourceQuality "1"]

1. e4 e5 2. Nf3 Nc6 3. d4 exd4 4. Nxd4 Nf6 5. Nxc6 bxc6 6. e5 Ne4 7. Nd2 Nxd2 8. Bxd2 d5 9. exd6 Bxd6 10. Bd3 0-0 11. 0-0 Be6 12. Qh5 g6 13. Qe2 Bd5 14. Rfe1 Qh4 15. g3 Qh3 16. Qf1 Qh5 17. c4 Be6 18. Bc3 Bh3 19. Qe2 Bg4 20. Qe3 Bc5 21. Qf4 f6 22. Be4 Bd6 23. Qe3 Rae8 24. Qxa7 Bc5 25. Qxc7 Bxf2+ 26. Kxf2 Rxe4 27. Rxe4 Qxh2+ 28. Ke3 Qe2+ 29. Kd4 c5+ 30. Qxc5 Qf2+ 31. Re3 Rd8+ 32. Qd5+ Rxd5+ 33. cxd5 Bf3 34. Rae1 Qxg3 35. Re8+ Kg7 36. R1e7+ Kh6 37. Kc5 Qf2+ 38. Kc6 Qf1 39. Rh8 Qc4+ 40. Kb6 Qxd5 41. Rhxh7+ Kg5 42. Rc7 Qd6+ 43. Ka5 Qd5+ 1/2-1/2

[Event "Karvina op"]
[Site "Karvina"]
[Date "2001.07.08"]
[Round "9"]
[White "Ulak, Slawomir"]
[Black "Splosnov, Sergei"]
[Result "1/2-1/2"]
[WhiteElo "2320"]
[BlackElo "2397"]
[PlyCount "24"]
[EventDate "2001.06.30"]
[EventType "swiss"]
[EventRounds "9"]
[EventCountry "CZE"]
[SourceTitle "EXT 2002"]
[Source "ChessBase"]
[SourceDate "2001.11.25"]
[SourceVersion "1"]
[SourceVersionDate "2001.11.25"]
[SourceQuality "1"]

1. d4 d5 2. c4 e6 3. Nc3 c6 4. cxd5 exd5 5. Bf4 Bd6 6. Bg3 Ne7 7. e3 0-0 8. Bd3 Bf5 9. Nf3 Bxd3 10. Qxd3 Na6 11. a3 Nc7 12. 0-0 Bxg3 1/2-1/2

[Event "Krakow op-A"]
[Site "Krakow"]
[Date "2001.01.04"]
[Round "9"]
[White "Jakubiec, Artur"]
[Black "Ulak, Slawomir"]
[Result "1-0"]
[WhiteElo "2488"]
[BlackElo "2319"]
[PlyCount "72"]
[EventDate "2000.12.??"]
[EventType "swiss"]
[EventRounds "9"]
[EventCountry "POL"]
[SourceTitle "EXT 2005"]
[Source "ChessBase"]
[SourceDate "2004.11.15"]
[SourceVersion "1"]
[SourceVersionDate "2004.11.15"]
[SourceQuality "1"]

1. e4 c5 2. Nf3 d6 3. d4 cxd4 4. Nxd4 Nf6 5. Nc3 Nc6 6. Bg5 Bd7 7. Qd2 Rc8 8. Be2 Nxd4 9. Qxd4 Qa5 10. Bd2 Qc5 11. Qxc5 dxc5 12. e5 Ng4 13. Bf4 f5 14. exf6 Nxf6 15. 0-0-0 e6 16. Rhe1 Be7 17. Bc4 Rc6 18. Nb5 a6 19. Nc7+ Kf7 20. Rxd7 Nxd7 21. Bxe6+ Rxe6 22. Nxe6 Bf6 23. Ng5+ Kg6 24. Nf3 Nb6 25. c3 Nd5 26. Bg3 Kf5 27. Nd2 Nf4 28. Bxf4 Kxf4 29. Ne4 Be7 30. Ng3 Bf6 31. f3 h5 32. Re6 h4 33. Re4+ Kg5 34. Rg4+ Kh6 35. Ne4 Be7 36. Nxc5 Bxc5 1-0

[Event "Rowy Jantar op"]
[Site "Rowy"]
[Date "2000.06.??"]
[Round "4"]
[White "Ulak, Slawomir"]
[Black "Koper, Ireneusz"]
[Result "1/2-1/2"]
[WhiteElo "2318"]
[BlackElo "2109"]
[PlyCount "67"]
[EventDate "2000.06.??"]
[EventType "swiss"]
[EventRounds "9"]
[EventCountry "POL"]
[SourceTitle "EXT 2005"]
[Source "ChessBase"]
[SourceDate "2004.11.15"]
[SourceVersion "1"]
[SourceVersionDate "2004.11.15"]
[SourceQuality "1"]

1. d4 Nf6 2. c4 g6 3. g3 Bg7 4. Bg2 0-0 5. Nc3 d6 6. Nf3 Nc6 7. 0-0 a6 8. h3 Rb8 9. Bg5 b5 10. d5 Na5 11. cxb5 axb5 12. b4 Nc4 13. Nd4 Bd7 14. Rc1 Qe8 15. e3 h6 16. Bxf6 Bxf6 17. Qe2 Na3 18. Ne4 Bxd4 19. exd4 Nc4 20. Nd2 Kg7 21. Nxc4 bxc4 22. a3 e6 23. Rfe1 exd5 24. Qxe8 Rfxe8 25. Rxe8 Rxe8 26. Bxd5 c6 27. Bxc4 Ra8 28. Rc3 Bxh3 29. d5 c5 30. bxc5 dxc5 31. Bb5 Kf6 32. a4 Ke5 33. Rxc5 Kd6 34. Bc6 1/2-1/2

[Event "POL-chT 55th"]
[Site "Suwalki"]
[Date "1999.09.27"]
[Round "10"]
[White "Schmidt, Wlodzimierz"]
[Black "Ulak, Slawomir"]
[Result "1/2-1/2"]
[WhiteElo "2436"]
[BlackElo "2303"]
[PlyCount "51"]
[EventDate "1999.09.18"]
[EventType "team-tourn"]
[EventRounds "11"]
[EventCountry "POL"]
[SourceTitle "EXT 2019"]
[Source "ChessBase"]
[SourceDate "2018.10.10"]
[SourceVersion "1"]
[SourceVersionDate "2018.10.10"]
[SourceQuality "1"]
[WhiteTeam "Poznan Pocztowiec"]
[BlackTeam "Raciborz Rzemioslo"]
[WhiteTeamCountry "POL"]
[BlackTeamCountry "POL"]

1. Nf3 d5 2. d4 Nf6 3. c4 c6 4. Nc3 dxc4 5. a4 Bf5 6. Ne5 e6 7. f3 Bb4 8. Nxc4 0-0 9. Bg5 h6 10. Bh4 c5 11. dxc5 Qxd1+ 12. Rxd1 Bc2 13. Rd2 Bh7 14. e4 Nbd7 15. c6 bxc6 16. Be2 Nc5 17. 0-0 Nb3 18. Rdd1 Rfd8 19. Bf2 Nd7 20. Bd3 Na5 21. Nxa5 Bxa5 22. Ba6 Rab8 23. Rd2 Kf8 24. Rfd1 Ke7 25. Kf1 Nb6 26. Ke2 1/2-1/2

[Event "POL-chT 55th"]
[Site "Suwalki"]
[Date "1999.09.23"]
[Round "6"]
[White "Ulak, Slawomir"]
[Black "Kempinski, Robert"]
[Result "0-1"]
[WhiteElo "2303"]
[BlackElo "2549"]
[PlyCount "66"]
[EventDate "1999.09.18"]
[EventType "team-tourn"]
[EventRounds "11"]
[EventCountry "POL"]
[SourceTitle "EXT 2019"]
[Source "ChessBase"]
[SourceDate "2018.10.10"]
[SourceVersion "1"]
[SourceVersionDate "2018.10.10"]
[SourceQuality "1"]
[WhiteTeam "Raciborz Rzemioslo"]
[BlackTeam "Lublin Drakon SKOK Chmielewskiego"]
[WhiteTeamCountry "POL"]
[BlackTeamCountry "POL"]

1. d4 Nf6 2. c4 g6 3. g3 Bg7 4. Bg2 d5 5. cxd5 Nxd5 6. e4 Nb6 7. Ne2 0-0 8. 0-0 e6 9. Nbc3 Nc6 10. d5 exd5 11. exd5 Ne5 12. h3 Bf5 13. b3 Re8 14. Be3 Bd3 15. Qd2 Qf6 16. Rfd1 Ba6 17. Nd4 Qe7 18. Qc2 Rac8 19. Rac1 c6 20. dxc6 bxc6 21. Nde2 c5 22. Nf4 c4 23. Ncd5 Nxd5 24. Nxd5 Qa3 25. Bxa7 Nd3 26. Rb1 c3 27. Be3 Nb2 28. Rd4 Rxe3 29. fxe3 Bxd4 30. exd4 Bd3 31. Qf2 Bxb1 32. Nf6+ Kg7 33. Ng4 Bf5 0-1

[Event "POL-chT 55th"]
[Site "Suwalki"]
[Date "1999.09.20"]
[Round "3"]
[White "Przedmojski, Rafal"]
[Black "Ulak, Slawomir"]
[Result "1-0"]
[WhiteElo "2405"]
[BlackElo "2303"]
[PlyCount "73"]
[EventDate "1999.09.18"]
[EventType "team-tourn"]
[EventRounds "11"]
[EventCountry "POL"]
[SourceTitle "EXT 2019"]
[Source "ChessBase"]
[SourceDate "2018.10.10"]
[SourceVersion "1"]
[SourceVersionDate "2018.10.10"]
[SourceQuality "1"]
[WhiteTeam "Warszawa Entropia"]
[BlackTeam "Raciborz Rzemioslo"]
[WhiteTeamCountry "POL"]
[BlackTeamCountry "POL"]

1. d4 d5 2. c4 c6 3. Nf3 Nf6 4. Qc2 e6 5. Bg5 Be7 6. e3 0-0 7. Nc3 Nbd7 8. Rd1 Re8 9. Bd3 dxc4 10. Bxc4 Nd5 11. Bxe7 Qxe7 12. a3 b6 13. 0-0 Bb7 14. Nxd5 exd5 15. Bd3 g6 16. Rc1 c5 17. Bb5 Rec8 18. Bxd7 Qxd7 19. Qe2 Qe7 20. h3 Rc7 21. Rc2 Rac8 22. Rfc1 c4 23. Ne5 f6 24. Ng4 Kg7 25. Qf3 Qd6 26. h4 Bc6 27. h5 gxh5 28. Nh2 Be8 29. Nf1 Bg6 30. Rc3 Qe6 31. Ng3 b5 32. Nxh5+ Bxh5 33. Qxh5 a5 34. e4 Qxe4 35. Re3 Qxd4 36. Rce1 Qc5 37. Rg3+ 1-0

[Event "Polanica Zdroj op"]
[Site "Polanica Zdroj"]
[Date "1999.08.18"]
[Round "2"]
[White "Ulak, Slawomir"]
[Black "Miroshnichenko, Evgenij"]
[Result "1/2-1/2"]
[WhiteElo "2303"]
[BlackElo "2483"]
[PlyCount "119"]
[EventDate "1999.08.17"]
[EventType "swiss"]
[EventRounds "10"]
[EventCountry "POL"]
[SourceTitle "EXT 2000"]
[Source "ChessBase"]
[SourceDate "1999.11.16"]
[SourceVersion "1"]
[SourceVersionDate "1999.11.16"]
[SourceQuality "1"]

1. d4 Nf6 2. c4 g6 3. g3 Bg7 4. Bg2 0-0 5. Nc3 c6 6. d5 d6 7. Nf3 e5 8. 0-0 cxd5 9. cxd5 Nbd7 10. e4 Nc5 11. Ne1 a5 12. Nc2 Bd7 13. Re1 Qb6 14. Rb1 Rfc8 15. h3 Qd8 16. Na3 Ne8 17. Be3 f5 18. f3 Nf6 19. g4 Ne8 20. Qd2 f4 21. Bf2 Bf6 22. Bf1 Bh4 23. Bxh4 Qxh4 24. Qf2 Qd8 25. Red1 Nc7 26. b3 N7a6 27. Nab5 Bxb5 28. Nxb5 h5 29. Rbc1 a4 30. bxa4 Nxa4 31. Na7 Rxc1 32. Rxc1 N6c5 33. Nb5 Rc8 34. Kg2 hxg4 35. hxg4 Kg7 36. Be2 Qe7 37. Rh1 Rh8 38. Rxh8 Kxh8 39. Kh3 g5 40. Kg2 Kg7 41. Qe1 Qd8 42. Qh1 Nb6 43. Qh5 Qe7 44. Kf1 Na8 45. Kg2 Nd7 46. Kf1 Nf8 47. a4 Ng6 48. a5 Kf6 49. Qh6 Nc7 50. Na3 Qf8 51. Qxf8+ Nxf8 52. Nb5 Nxb5 53. Bxb5 Ke7 54. Ke2 Kd8 55. Kd3 Ng6 56. Kc3 Kc7 57. Kb4 Nh4 58. Be2 Ng2 59. Kb5 Ne1 60. a6 1/2-1/2

[Event "Wisla Hugart op"]
[Site "Warsaw"]
[Date "1999.??.??"]
[Round "?"]
[White "Adamski, Michal"]
[Black "Ulak, Slawomir"]
[Result "0-1"]
[WhiteElo "2110"]
[BlackElo "2288"]
[PlyCount "50"]
[EventDate "1999.??.??"]
[EventType "swiss"]
[EventRounds "9"]
[EventCountry "POL"]
[SourceTitle "EXT 2003"]
[Source "ChessBase"]
[SourceDate "2002.11.25"]
[SourceVersion "1"]
[SourceVersionDate "2002.11.25"]
[SourceQuality "1"]

1. e4 e5 2. Nf3 Nc6 3. Bb5 a6 4. Ba4 Nf6 5. 0-0 Be7 6. Re1 b5 7. Bb3 0-0 8. c3 d5 9. exd5 Nxd5 10. Nxe5 Nxe5 11. Rxe5 c6 12. d4 Bd6 13. Re1 Qh4 14. g3 Qh3 15. Bc2 Bg4 16. Qd3 Rae8 17. Be3 f5 18. Qf1 Qh5 19. c4 bxc4 20. Bd1 Bxd1 21. Rxd1 Rxe3 22. fxe3 Nxe3 23. Qe1 Qxd1 24. Qxd1 Nxd1 25. Nd2 Nxb2 0-1

[Event "Krakow op-A"]
[Site "Krakow"]
[Date "1999.??.??"]
[Round "?"]
[White "Dobrowolski, Piotr"]
[Black "Ulak, Slawomir"]
[Result "1/2-1/2"]
[WhiteElo "2376"]
[BlackElo "2288"]
[PlyCount "68"]
[EventDate "1999.??.??"]
[EventType "swiss"]
[EventRounds "11"]
[EventCountry "POL"]
[SourceTitle "EXT 2002"]
[Source "ChessBase"]
[SourceDate "2001.11.25"]
[SourceVersion "1"]
[SourceVersionDate "2001.11.25"]
[SourceQuality "1"]

1. d4 d5 2. Nc3 f5 3. Bg5 Nf6 4. Bxf6 exf6 5. e3 c6 6. Qf3 Be6 7. Bd3 g6 8. Nge2 Bd6 9. 0-0-0 Nd7 10. h3 Ne5 11. dxe5 fxe5 12. e4 Qg5+ 13. Qe3 Qxe3+ 14. fxe3 dxe4 15. Ba6 0-0-0 16. Bxb7+ Kxb7 17. Na4 Kc7 18. Nec3 Be7 19. Rxd8 Rxd8 20. g3 h5 21. h4 g5 22. hxg5 Bxg5 23. Nd1 f4 24. gxf4 exf4 25. Nc5 Bf5 26. Rxh5 Rxd1+ 27. Kxd1 Bg4+ 28. Ke1 Bxh5 29. Ne6+ Kd6 30. Nxg5 Ke5 31. Kf2 Bd1 32. c3 f3 33. Nh3 Bc2 34. Ke1 Kd5 1/2-1/2

[Event "Wisla Hugart op"]
[Site "Warsaw"]
[Date "1999.??.??"]
[Round "?"]
[White "Mikhaletz, Lubomir"]
[Black "Ulak, Slawomir"]
[Result "1/2-1/2"]
[WhiteElo "2485"]
[BlackElo "2285"]
[PlyCount "41"]
[EventDate "1999.??.??"]
[EventType "swiss"]
[EventRounds "9"]
[EventCountry "POL"]
[SourceTitle "EXT 2003"]
[Source "ChessBase"]
[SourceDate "2002.11.25"]
[SourceVersion "1"]
[SourceVersionDate "2002.11.25"]
[SourceQuality "1"]

1. e4 e5 2. Nf3 Nc6 3. Bb5 a6 4. Ba4 Nf6 5. Qe2 Be7 6. d3 b5 7. Bb3 0-0 8. a4 Bb7 9. axb5 axb5 10. Rxa8 Qxa8 11. 0-0 d6 12. Nc3 Na5 13. Nxb5 Nxb3 14. cxb3 c5 15. Bg5 Qa6 16. Nc3 h6 17. Bc1 Nd7 18. g4 Rb8 19. h4 Qb6 20. g5 hxg5 21. Bxg5 1/2-1/2

[Event "Wisla Hugart op"]
[Site "Warsaw"]
[Date "1999.??.??"]
[Round "?"]
[White "Mucha, Marcin"]
[Black "Ulak, Slawomir"]
[Result "0-1"]
[WhiteElo "2009"]
[BlackElo "2288"]
[PlyCount "82"]
[EventDate "1999.??.??"]
[EventType "swiss"]
[EventRounds "9"]
[EventCountry "POL"]
[SourceTitle "EXT 2003"]
[Source "ChessBase"]
[SourceDate "2002.11.25"]
[SourceVersion "1"]
[SourceVersionDate "2002.11.25"]
[SourceQuality "1"]

1. d4 d5 2. c4 c6 3. Nf3 Nf6 4. Nc3 dxc4 5. a4 Bf5 6. e3 e6 7. Bxc4 Bb4 8. 0-0 0-0 9. Qe2 Bg4 10. h3 Bxf3 11. Qxf3 Nbd7 12. Qg3 Qa5 13. Bd2 e5 14. Rfe1 Rfe8 15. Rad1 e4 16. Bb3 Nb6 17. h4 Nbd5 18. Rc1 Ne7 19. Red1 Qd8 20. Ne2 Bd6 21. Nf4 Ng6 22. Qg5 Nxf4 23. exf4 Be7 24. h5 Nd5 25. Qf5 Bf8 26. Bxd5 cxd5 27. Rc2 g6 28. Qg4 Bd6 29. Rdc1 Qf6 30. Rc8 Qf5 31. Qxf5 gxf5 32. Rxa8 Rxa8 33. Rc3 f6 34. Rb3 Rb8 35. Rb5 Kf7 36. Rxd5 Ke6 37. Rb5 b6 38. a5 bxa5 39. Rxb8 Bxb8 40. g3 a4 41. Kf1 Kd5 0-1

[Event "Wisla Hugart op"]
[Site "Warsaw"]
[Date "1999.??.??"]
[Round "?"]
[White "Ulak, Slawomir"]
[Black "Petkevich, Jusefs"]
[Result "0-1"]
[WhiteElo "2288"]
[BlackElo "2452"]
[PlyCount "66"]
[EventDate "1999.??.??"]
[EventType "swiss"]
[EventRounds "9"]
[EventCountry "POL"]
[SourceTitle "EXT 2003"]
[Source "ChessBase"]
[SourceDate "2002.11.25"]
[SourceVersion "1"]
[SourceVersionDate "2002.11.25"]
[SourceQuality "1"]

1. e4 c6 2. d4 d5 3. exd5 cxd5 4. c4 e6 5. Nc3 Nf6 6. Nf3 Bb4 7. cxd5 exd5 8. Bb5+ Bd7 9. Bxd7+ Nbxd7 10. 0-0 0-0 11. Qb3 Bxc3 12. Qxc3 Qb6 13. Be3 Ne4 14. Qd3 Rfc8 15. Qe2 Nf8 16. Ne5 Qe6 17. Rac1 Ng6 18. Nxg6 hxg6 19. Bf4 Qf5 20. Bc7 Qd7 21. Be5 Ng5 22. h4 Ne6 23. Qg4 Rxc1 24. Rxc1 Rc8 25. Rxc8+ Qxc8 26. Qf3 Qc4 27. b3 Qc6 28. Qd3 a6 29. Kh2 Qb6 30. Qf3 f6 31. Bxf6 gxf6 32. Qxf6 Qc7+ 33. Kg1 Qc1+ 0-1

[Event "Krynica op-A"]
[Site "Krynica"]
[Date "1998.??.??"]
[Round "?"]
[White "Ulak, Slawomir"]
[Black "Jurkiewicz, Katarzyna"]
[Result "0-1"]
[WhiteElo "2315"]
[BlackElo "2115"]
[PlyCount "42"]
[EventDate "1998.??.??"]
[EventType "swiss"]
[EventRounds "11"]
[EventCountry "POL"]
[SourceTitle "EXT 2002"]
[Source "ChessBase"]
[SourceDate "2001.11.25"]
[SourceVersion "1"]
[SourceVersionDate "2001.11.25"]
[SourceQuality "1"]

1. d4 f5 2. Nc3 g6 3. e4 fxe4 4. Nxe4 Bg7 5. h4 d5 6. Ng3 Nc6 7. N1e2 Qd6 8. c3 e5 9. dxe5 Bxe5 10. Be3 Bg4 11. Qd3 Nge7 12. f4 Bf6 13. h5 0-0-0 14. hxg6 hxg6 15. Rxh8 Bxh8 16. 0-0-0 Qe6 17. Bc5 d4 18. Bxe7 Nxe7 19. c4 Nf5 20. Re1 Nxg3 21. Qxg3 d3 0-1

[Event "Lilie op"]
[Site "Litomysl"]
[Date "1997.??.??"]
[Round "7"]
[White "Bilawer, Andreas"]
[Black "Ulak, Slawomir"]
[Result "1/2-1/2"]
[WhiteElo "2185"]
[BlackElo "2410"]
[PlyCount "26"]
[EventDate "1997.??.??"]
[EventType "swiss"]
[EventRounds "7"]
[EventCountry "CZE"]
[SourceTitle "EXT 1999"]
[Source "ChessBase"]
[SourceDate "1998.11.16"]
[SourceVersion "1"]
[SourceVersionDate "1998.11.16"]
[SourceQuality "1"]

1. e4 e5 2. Nf3 Nc6 3. Bb5 a6 4. Bxc6 dxc6 5. 0-0 Bd6 6. d4 exd4 7. Nxd4 Ne7 8. Be3 0-0 9. f4 f5 10. e5 Nd5 11. Bc1 Bc5 12. c3 Ba7 13. Kh1 c5 1/2-1/2

[Event "POL-ch sf"]
[Site "Poraj "]
[Date "1997.??.??"]
[Round "4"]
[White "Nurkiewicz, Maciej"]
[Black "Ulak, Slawomir"]
[Result "0-1"]
[WhiteElo "2300"]
[BlackElo "2390"]
[PlyCount "86"]
[EventDate "1997.??.??"]
[EventType "swiss"]
[EventRounds "11"]
[EventCountry "POL"]
[SourceTitle "EXT 2000"]
[Source "ChessBase"]
[SourceDate "1999.11.16"]
[SourceVersion "1"]
[SourceVersionDate "1999.11.16"]
[SourceQuality "1"]

1. e4 e5 2. Nf3 Nc6 3. Bb5 a6 4. Ba4 Nf6 5. 0-0 Be7 6. Re1 b5 7. Bb3 0-0 8. a4 Bb7 9. d3 d6 10. Nc3 Na5 11. Ba2 b4 12. Ne2 c5 13. c3 c4 14. Ng3 cxd3 15. Qxd3 b3 16. Bb1 g6 17. c4 Nd7 18. Bd2 Nc5 19. Qc3 Nc6 20. a5 Bc8 21. Be3 Rb8 22. Ne2 Be6 23. Bh6 Re8 24. Nf4 Bf6 25. Nd5 Bxd5 26. cxd5 Nd4 27. Be3 Nxf3+ 28. gxf3 Rc8 29. Qd2 Qd7 30. Bd3 Qh3 31. Be2 Kg7 32. Rec1 h6 33. Qd1 Bg5 34. Qf1 Qxf1+ 35. Kxf1 Bxe3 36. fxe3 f5 37. exf5 gxf5 38. Rc4 e4 39. Kf2 Kf6 40. f4 Re7 41. Rb4 Rg7 42. Rb6 Ke7 43. Kf1 Rcg8 0-1

[Event "POL-ch sf"]
[Site "Poraj "]
[Date "1997.??.??"]
[Round "9"]
[White "Ulak, Slawomir"]
[Black "Pedzich, Dominik"]
[Result "1/2-1/2"]
[WhiteElo "2390"]
[BlackElo "2465"]
[PlyCount "51"]
[EventDate "1997.??.??"]
[EventType "swiss"]
[EventRounds "11"]
[EventCountry "POL"]
[SourceTitle "EXT 2000"]
[Source "ChessBase"]
[SourceDate "1999.11.16"]
[SourceVersion "1"]
[SourceVersionDate "1999.11.16"]
[SourceQuality "1"]

1. d4 d6 2. Nf3 Nf6 3. c4 c6 4. Nc3 Nbd7 5. e4 e5 6. Be2 Be7 7. 0-0 0-0 8. Qc2 a6 9. Rd1 Qc7 10. Rb1 b5 11. dxe5 dxe5 12. b4 Bb7 13. h3 Rfe8 14. Be3 h6 15. Rdc1 Rac8 16. a4 Qb8 17. Qa2 Bf8 18. Nd2 c5 19. axb5 axb5 20. bxc5 Bxc5 21. Bxc5 Rxc5 22. Rxb5 Rxb5 23. cxb5 Rc8 24. Bc4 Kh8 25. Qb1 Qd6 26. Qa2 1/2-1/2

[Event "Lilie op"]
[Site "Litomysl"]
[Date "1997.??.??"]
[Round "4"]
[White "Ulak, Slawomir"]
[Black "Vaculik, Martin"]
[Result "1/2-1/2"]
[WhiteElo "2410"]
[BlackElo "2055"]
[PlyCount "31"]
[EventDate "1997.??.??"]
[EventType "swiss"]
[EventRounds "7"]
[EventCountry "CZE"]
[SourceTitle "EXT 1999"]
[Source "ChessBase"]
[SourceDate "1998.11.16"]
[SourceVersion "1"]
[SourceVersionDate "1998.11.16"]
[SourceQuality "1"]

1. d4 Nf6 2. c4 e6 3. Nf3 d5 4. Nc3 c6 5. e3 Nbd7 6. Qc2 Bd6 7. b3 0-0 8. Be2 Re8 9. 0-0 Nf8 10. Bb2 Ng6 11. Bd3 b6 12. Ne2 Bb7 13. Ne5 c5 14. Ng3 cxd4 15. Nxg6 hxg6 16. Bxd4 1/2-1/2

[Event "Litomysl op"]
[Site "Litomysl"]
[Date "1996.??.??"]
[Round "7"]
[White "Hanko, Pavol"]
[Black "Ulak, Slawomir"]
[Result "0-1"]
[WhiteElo "2230"]
[BlackElo "2310"]
[PlyCount "66"]
[EventDate "1996.??.??"]
[EventType "swiss"]
[EventRounds "7"]
[EventCountry "CZE"]
[SourceTitle "EXT 1998"]
[Source "ChessBase"]
[SourceDate "1997.11.17"]
[SourceVersion "1"]
[SourceVersionDate "1997.11.17"]
[SourceQuality "1"]

1. d4 d5 2. Nf3 Nf6 3. c4 c6 4. Nc3 dxc4 5. a4 Bf5 6. Ne5 e6 7. f3 Bb4 8. Bg5 h6 9. Bxf6 Qxf6 10. e4 Bh7 11. Bxc4 0-0 12. Ng4 Qe7 13. 0-0 Rd8 14. Ne3 Bc5 15. Ne2 e5 16. Nc2 exd4 17. Bd3 a5 18. Qd2 Nd7 19. Rfd1 Ne5 20. Kh1 b6 21. Na3 Bxa3 22. Rxa3 c5 23. Bb5 f5 24. Nf4 fxe4 25. fxe4 Rf8 26. Nd5 Qh4 27. Rh3 Qxh3 28. gxh3 Bxe4+ 29. Qg2 Bxg2+ 30. Kxg2 Rad8 31. Nxb6 Rd6 32. Nc4 Rg6+ 33. Kh1 Nd3 0-1

[Event "Frydek Mistek op"]
[Site "Frydek Mistek"]
[Date "1996.??.??"]
[Round "3"]
[White "Ivanov, Oleg"]
[Black "Ulak, Slawomir"]
[Result "1/2-1/2"]
[WhiteElo "2430"]
[BlackElo "2255"]
[PlyCount "35"]
[EventDate "1996.??.??"]
[EventType "swiss"]
[EventRounds "9"]
[EventCountry "CZE"]
[SourceTitle "EXT 1998"]
[Source "ChessBase"]
[SourceDate "1997.11.17"]
[SourceVersion "1"]
[SourceVersionDate "1997.11.17"]
[SourceQuality "1"]

1. c4 c6 2. Nf3 d5 3. d4 Nf6 4. e3 Bf5 5. cxd5 cxd5 6. Qb3 Qc7 7. Bd2 Nc6 8. Bb5 e6 9. 0-0 Bd6 10. Rc1 0-0 11. Nc3 Ne4 12. Nxe4 Bxe4 13. Bxc6 bxc6 14. Bb4 Bxf3 15. Bxd6 Qxd6 16. gxf3 Rac8 17. Qc3 Rfe8 18. Rc2 1/2-1/2